| 000 | 01363cam a22003977a 4500 | ||
|---|---|---|---|
| 003 | CHAP | ||
| 005 | 20220817043542.0 | ||
| 008 | 990614d1997 it rn 00110 eng d | ||
| 010 | _a78269 | ||
| 011 | _a79241 | ||
| 020 | _a925103933X | ||
| 035 | _a89411 | ||
| 040 | _cCHAP | ||
| 082 | 0 | 4 |
_a338.9 _bF44 v.40 |
| 110 | 2 | _aFAO | |
| 245 | 1 | 0 |
_aImplications of economic policy for food security : _ba training manual _c/by Anne Thomson and Manfred Metz |
| 260 |
_aRome : _bFAO, _c1997. |
||
| 300 |
_a313 p. : _bgráfs. |
||
| 490 | 0 |
_aFAO. Materiales de capacitación para la planificación agrícola _v; 40 |
|
| 590 |
_aBATCH-UPD _b10 _c20130110 _lUCH01 _h0629 |
||
| 590 |
_aBATCH-UPD _b10 _c20130110 _lUCH01 _h2356 |
||
| 590 |
_aBATCH-UPD _b10 _c20130410 _lUCH01 _h0312 |
||
| 590 |
_aBATCH-UPD _b10 _c20130914 _lUCH01 _h0155 |
||
| 590 |
_aCONVERSION _b10 _c20130109 _lUCH01 _h1343 |
||
| 650 | 1 | 4 |
_aAlimentos _xAbastecimiento. |
| 650 | 1 | 4 |
_aNutrición. _982246 |
| 650 | 1 | 4 |
_aPolítica agrícola. _990283 |
| 650 | 1 | 4 | _aPolítica económica. |
| 700 | 0 |
_aMetz, Manfred. _975253 |
|
| 700 | 0 |
_aThomson, Anne. _9112941 |
|
| 830 | 0 |
_aFAO. Materiales de capacitación para la planificación agrícola _v; 40 _939620 |
|
| 901 | _aBK | ||
| 905 | _aLilia Sánchez G. | ||
| 942 | _cLIBRO | ||
| 949 |
_a338.9 F44 v.40 _bBC _cFAO _d33724000728952 _eFAO1 _h95738 _i89411 _kDonaciØn _sb |
||
| 999 |
_c78269 _d78269 |
||